[Event "57th World Juniors 2018"]
[Site "Manavgat TUR"]
[Date "2018.09.13"]
[Round "9.18"]
[White "Escalante Ramirez, Brian Sebasti"]
[Black "Kollars, Dmitrij"]
[Result "1/2-1/2"]
[WhiteTitle "IM"]
[BlackTitle "GM"]
[WhiteElo "2436"]
[BlackElo "2536"]
[WhiteFideId "3819566"]
[BlackFideId "12909572"]
[EventDate "2018.09.05"]

1. e4 c5 2. Nf3 e6 3. d4 cxd4 4. Nxd4 Nc6 5. Nc3 Qc7 6. Be3 a6 7. Be2 Nf6 8. O-O
Be7 9. f4 d6 10. a4 O-O 11. Kh1 Re8 12. Bg1 Rb8 13. Qd3 e5 14. fxe5 dxe5 15. Qg3
Bd8 16. Nb3 Nd4 17. Nxd4 exd4 18. Qxc7 Bxc7 19. Bxd4 Nxe4 20. Rae1 Bd7 21. Bc4
Nd6 22. Bb3 Nf5 23. Ba7 Rbd8 24. Nd5 Bd6 25. Bb6 Rxe1 26. Rxe1 Re8 27. Rxe8+
Bxe8 28. Ne3 Nxe3 29. Bxe3 Bc6 30. Kg1 h6 31. g3 g5 32. c3 Be4 33. Bd4 Kf8 34.
Kf2 f5 35. Bd1 g4 36. a5 Kf7 37. b4 h5 38. Bb3+ Kg6 39. Ba4 h4 40. Bc5 Bxc5+ 41.
bxc5 Bc6 42. Bb3 f4 43. Be6 Kg5 44. Bc8 Bf3 45. Bd7 fxg3+ 46. hxg3 h3 47. Kg1
Kf6 48. Bc8 Ke7 49. c6 bxc6 50. Bxa6 Kd6 51. Kh2 Kd7 52. Kg1 Bd5 53. Kh2 Kc7 54.
Kg1 Be6 55. Kh2 Kb8 56. Kg1 Ka7 57. Be2 c5 58. Bb5 Bf5 59. Kh2 Bc8 60. Be2 Kb7
61. Bc4 Ka7 62. Be2 Be6 63. Bb5 Kb7 64. Kg1 Kc7 65. Kh2 Kd6 66. Kg1 c4 67. Kh2
Kc5 68. Ba6 Bd5 69. Kg1 Kd6 70. Kh2 Kc5 71. Kg1 Kd6 72. Kh2 Kc5 1/2-1/2

[Event "57th World Juniors 2018"]
[Site "Manavgat TUR"]
[Date "2018.09.13"]
[Round "9.19"]
[White "Santos Ruiz, Miguel"]
[Black "Muradli, Mahammad"]
[Result "1-0"]
[WhiteTitle "GM"]
[BlackTitle "IM"]
[WhiteElo "2524"]
[BlackElo "2407"]
[WhiteFideId "22291482"]
[BlackFideId "13409301"]
[EventDate "2018.09.05"]

1. e4 c5 2. Nf3 d6 3. d4 cxd4 4. Nxd4 Nf6 5. Nc3 a6 6. Be3 e5 7. Nb3 Be7 8. Rg1
Be6 9. g4 h6 10. Qf3 d5 11. exd5 Bxd5 12. Nxd5 Qxd5 13. Bg2 e4 14. Qf5 Nbd7 15.
Nd2 Qxf5 16. gxf5 Nc5 17. Bh1 Rg8 18. Rg3 O-O-O 19. O-O-O Rd7 20. Rdg1 Nd5 21.
Bxc5 Bxc5 22. Nxe4 Bd4 23. Rd1 Nf4 24. Kb1 Rgd8 25. c3 Be5 26. Rxd7 Rxd7 27. Kc2
b6 28. Nd2 Kc7 29. Re3 Re7 30. Re4 b5 31. a4 Bd6 32. Rd4 Re2 33. axb5 axb5 34.
Kd1 Be5 35. Rb4 Rxf2 36. Rxb5 Nd3 37. Be4 Bf4 38. Nc4 Nc1 39. Rb7+ Kd8 40. Rxf7
Nb3 41. Bc6 1-0

[Event "57th World Juniors 2018"]
[Site "Manavgat TUR"]
[Date "2018.09.13"]
[Round "9.20"]
[White "Yakubboev, Nodirbek"]
[Black "Gokerkan, Cem Kaan"]
[Result "1/2-1/2"]
[WhiteTitle "IM"]
[BlackTitle "IM"]
[WhiteElo "2521"]
[BlackElo "2416"]
[WhiteFideId "14203987"]
[BlackFideId "6336760"]
[EventDate "2018.09.05"]

1. Nf3 Nf6 2. c4 e6 3. g3 d5 4. Bg2 Be7 5. d4 O-O 6. O-O dxc4 7. Ne5 Nc6 8. Bxc6
bxc6 9. Nxc6 Qe8 10. Nxe7+ Qxe7 11. Nc3 c5 12. dxc5 Qxc5 13. Be3 Qh5 14. f3 e5
15. Qd6 Bh3 16. Rfd1 Be6 17. Rd2 h6 18. Rad1 a6 19. Qc5 Rfc8 20. Qa5 Kh7 21. Rd6
Re8 22. a4 Qf5 23. Bf2 Bc8 24. R1d2 Rb8 25. Qc7 Be6 26. Rxa6 Rbc8 27. Qa5 h5 28.
Rad6 h4 29. g4 Nxg4 30. fxg4 Qxg4+ 31. Kf1 Qh3+ 32. Ke1 Qxh2 33. Qb6 f5 34. Bg1
Qh1 35. Qf2 f4 36. Qh2 Qxh2 37. Bxh2 g5 38. e3 g4 39. exf4 g3 40. fxe5 Rc5 41.
R6d4 Rxe5+ 42. Re2 Rxe2+ 43. Nxe2 gxh2 44. Rxh4+ Kg6 45. Kd2 Rd8+ 46. Kc2 Bf5+
47. Kc1 Bd7 48. Nc3 Ra8 49. Rxh2 Bxa4 50. Nxa4 Rxa4 51. Rf2 Rb4 52. Kc2 Rb3 53.
Rf4 Rb4 54. Rf3 Kg7 55. Rf1 Kg6 56. Rf4 Kg7 57. Rf3 Kg6 58. Ra3 Kf6 59. Kc3 Rb8
60. Ra4 Rb3+ 61. Kc2 Ke5 62. Rxc4 Rh3 63. Rc3 Rh2+ 64. Kb3 Kd5 65. Ka3 Rh8 66.
b4 Ra8+ 67. Kb3 Rb8 68. Rc2 Kd6 69. Rc5 Ra8 70. Kc4 Rh8 71. Kb3 Ra8 72. Kc3 Rb8
73. Kc4 Rh8 74. Kb3 Ra8 75. Rc1 Rb8 76. Rc4 Kd5 77. Rc2 Kd6 78. Rc5 1/2-1/2

[Event "57th World Juniors 2018"]
[Site "Manavgat TUR"]
[Date "2018.09.13"]
[Round "9.21"]
[White "Lorparizangeneh, Shahin"]
[Black "Percivaldi, Martin"]
[Result "1/2-1/2"]
[WhiteTitle "GM"]
[BlackTitle "IM"]
[WhiteElo "2491"]
[BlackElo "2376"]
[WhiteFideId "12521604"]
[BlackFideId "1508148"]
[EventDate "2018.09.05"]

1. Nf3 e6 2. g3 b5 3. Bg2 Bb7 4. O-O Nf6 5. d3 Be7 6. e4 d6 7. Nd4 a6 8. Nb3 c6
9. a4 b4 10. d4 d5 11. N1d2 O-O 12. Re1 Nbd7 13. e5 Ne8 14. c4 bxc3 15. bxc3 c5
16. c4 Rb8 17. cxd5 Bxd5 18. Bxd5 exd5 19. dxc5 Nxc5 20. Nd4 Qd7 21. Ba3 Nc7 22.
Rc1 Nd3 23. Bxe7 Qxe7 24. Nc6 Qe8 25. Nxb8 Nxc1 26. Qxc1 Qxb8 27. Qc6 Qb4 28.
Rd1 Ne6 29. Qxa6 Qd4 30. a5 Qxe5 31. Nf3 Qc3 32. Kg2 d4 33. Qb6 Ra8 34. a6 Qa3
35. Nxd4 Qxa6 36. Qxa6 Rxa6 1/2-1/2

[Event "57th World Juniors 2018"]
[Site "Manavgat TUR"]
[Date "2018.09.13"]
[Round "9.22"]
[White "Sadikhov, Ulvi"]
[Black "Nikitenko, Mihail"]
[Result "0-1"]
[WhiteTitle "IM"]
[BlackTitle "IM"]
[WhiteElo "2491"]
[BlackElo "2368"]
[WhiteFideId "13401416"]
[BlackFideId "13506862"]
[EventDate "2018.09.05"]

1. e4 e5 2. Nf3 Nc6 3. Bb5 a6 4. Ba4 Nf6 5. Nc3 d6 6. Bxc6+ bxc6 7. d4 exd4 8.
Nxd4 c5 9. Nc6 Qd7 10. Na5 g6 11. Qf3 Ng4 12. h3 Ne5 13. Qf6 Rg8 14. Qh4 f5 15.
f4 Nf7 16. Qxh7 Rg7 17. Qh4 Be7 18. Qf2 fxe4 19. O-O d5 20. Rd1 c6 21. Nb3 Qf5
22. Nxc5 g5 23. Nb3 gxf4 24. Bxf4 Ng5 25. Bxg5 Qxg5 26. Ne2 Bd6 27. Kh1 Qe5 28.
g3 Bxh3 29. Qd4 Qh5 0-1

[Event "57th World Juniors 2018"]
[Site "Manavgat TUR"]
[Date "2018.09.13"]
[Round "9.23"]
[White "Tang, Andrew"]
[Black "Lee, Jun Hyeok"]
[Result "0-1"]
[WhiteTitle "GM"]
[BlackTitle "FM"]
[WhiteElo "2489"]
[BlackElo "2263"]
[WhiteFideId "2059630"]
[BlackFideId "13202340"]
[EventDate "2018.09.05"]

1. d4 g6 2. c4 Bg7 3. Nc3 d6 4. e4 e5 5. d5 a5 6. Bd3 Na6 7. Nf3 f5 8. exf5 gxf5
9. Bc2 Qf6 10. Bg5 Qf7 11. Be3 Nh6 12. Ng5 Qf6 13. h3 Nf7 14. Nxf7 Qxf7 15. f4
Bd7 16. O-O e4 17. Qd2 Rg8 18. Rae1 Bf6 19. Bd4 Nc5 20. a3 a4 21. Kh1 Qg7 22.
Bxf6 Qxf6 23. Re3 h5 24. Qd1 h4 25. Rf2 Ke7 26. Rfe2 Rg7 27. Rd2 Qh6 28. Rf2
Rag8 29. Qd4 Qf6 30. Qd2 Rg3 31. Rfe2 Qh6 32. Rxg3 Rxg3 33. Re1 Qf6 34. Ne2 Rg8
35. Nc3 Kf7 36. Qd1 Qh6 37. Rf1 Rg3 38. Ne2 Rg8 39. Nc3 Qf6 40. Qd2 Ke7 41. Re1
Qh6 42. Qf2 Rb8 43. Qf1 Kf7 44. Rd1 Rg8 45. Qf2 Qg7 46. Qf1 Kf8 47. Re1 Be8 48.
Qf2 Qg3 49. Kg1 Qxh3 50. Nd1 Bh5 51. Ne3 Bf3 52. Rf1 Kf7 53. Qd2 Qg3 54. Rf2
Qxf4 55. Kf1 h3 56. gxf3 Qg3 57. Nxf5 Qg1+ 58. Ke2 Rg2 59. Nh6+ Ke7 60. Qe3 h2
61. Ng4 Rxg4 62. fxg4 Qxg4+ 63. Kd2 h1=Q 64. Qd4 Qh6+ 65. Kc3 Qhg7 0-1

[Event "57th World Juniors 2018"]
[Site "Manavgat TUR"]
[Date "2018.09.13"]
[Round "9.24"]
[White "Can, Isik"]
[Black "Repka, Christopher"]
[Result "1/2-1/2"]
[WhiteTitle "FM"]
[BlackTitle "GM"]
[WhiteElo "2361"]
[BlackElo "2523"]
[WhiteFideId "6383742"]
[BlackFideId "14918781"]
[EventDate "2018.09.05"]

1. e4 e5 2. Nf3 Nc6 3. Bb5 a6 4. Bxc6 dxc6 5. O-O Bg4 6. h3 Bh5 7. g4 Bg6 8.
Nxe5 f6 9. Nxg6 hxg6 10. Qf3 Qd7 11. d3 O-O-O 12. Nd2 g5 13. e5 Nh6 14. Re1 Re8
15. Nc4 f5 16. Bxg5 fxg4 17. hxg4 Nxg4 18. Re4 Nh2 19. Qg2 Qf5 20. Rf4 Qe6 21.
Re1 Rh5 22. Bh4 g5 23. Rfe4 Rxh4 24. Rxh4 gxh4 25. Kxh2 b5 26. Nd2 Bh6 27. Nb3
Bf4+ 28. Kh1 Rg8 29. Nd4 Rxg2 30. Nxe6 Rxf2 31. Nxf4 Rxf4 32. e6 Kd8 33. e7+ 1/2-1/2

[Event "57th World Juniors 2018"]
[Site "Manavgat TUR"]
[Date "2018.09.13"]
[Round "9.25"]
[White "Martinez Alcantara, Jose Eduardo"]
[Black "Philippe, Guillaume"]
[Result "1-0"]
[WhiteTitle "GM"]
[BlackTitle "FM"]
[WhiteElo "2565"]
[BlackElo "2358"]
[WhiteFideId "3805662"]
[BlackFideId "36048763"]
[EventDate "2018.09.05"]

1. e4 c5 2. Nf3 e6 3. d4 cxd4 4. Nxd4 a6 5. Bd3 Nf6 6. O-O Qc7 7. Qe2 d6 8. f4
Nbd7 9. Kh1 Be7 10. c4 b6 11. Nf3 Bb7 12. Nc3 O-O 13. Bd2 Rfd8 14. Rae1 Rac8 15.
e5 Ng4 16. h3 Nh6 17. f5 Nxf5 18. Bxf5 exf5 19. e6 Nf8 20. exf7+ Kxf7 21. Nd5
Bxd5 22. cxd5 Bf6 23. Bg5 Qc4 24. Qe3 Re8 25. Qxb6 Qxd5 26. Qa7+ Kg6 27. Bxf6
Kxf6 28. Rd1 Qc5 29. Qxa6 Rc6 30. Qa4 Re4 31. Nd4 Rc8 32. Qa6 g6 33. Nb3 Qc4 34.
Qxd6+ Qe6 35. Nc5 Qxd6 36. Nxe4+ 1-0

[Event "57th World Juniors 2018"]
[Site "Manavgat TUR"]
[Date "2018.09.13"]
[Round "9.26"]
[White "Jarmula, Lukasz"]
[Black "Schitco, Ivan"]
[Result "1/2-1/2"]
[WhiteTitle "IM"]
[BlackTitle "FM"]
[WhiteElo "2504"]
[BlackElo "2358"]
[WhiteFideId "1160664"]
[BlackFideId "13905465"]
[EventDate "2018.09.05"]

1. e4 c6 2. Nc3 d5 3. Nf3 Bg4 4. h3 Bxf3 5. Qxf3 e6 6. d4 Nf6 7. Bd3 dxe4 8.
Nxe4 Nxe4 9. Bxe4 Nd7 10. c3 Nf6 11. Bc2 Qd5 12. Qxd5 cxd5 13. Ba4+ Nd7 14. Bf4
O-O-O 15. Bb5 Nf6 16. O-O Bd6 17. Be5 a6 18. Ba4 Bxe5 19. dxe5 Nd7 20. Rfe1 Kc7
21. Rad1 b5 22. Bc2 h6 23. Rd4 Nb6 24. a4 bxa4 25. Bxa4 Nc4 26. b3 Nb6 27. Re3
Rhf8 28. Rg3 g6 29. Rf3 h5 30. Rf6 Nd7 31. Bxd7 Kxd7 32. Kf1 Ke7 33. Ra4 Ra8 34.
Ke2 Ra7 35. Raf4 Rb7 36. b4 Rb5 37. Kd3 a5 38. bxa5 Rxa5 39. h4 Ra1 40. Rb4 Ra7
41. Rbf4 Ra1 42. Rb4 1/2-1/2

[Event "57th World Juniors 2018"]
[Site "Manavgat TUR"]
[Date "2018.09.13"]
[Round "9.27"]
[White "Morozov, Nichita"]
[Black "Pigeat, Alexandre"]
[Result "1/2-1/2"]
[WhiteTitle "IM"]
[BlackTitle "FM"]
[WhiteElo "2452"]
[BlackElo "2347"]
[WhiteFideId "13900897"]
[BlackFideId "20649444"]
[EventDate "2018.09.05"]

1. Nf3 Nf6 2. e3 d5 3. c4 c6 4. Nc3 a6 5. b3 Bg4 6. Be2 Nbd7 7. d4 e6 8. Bb2 Bd6
9. h3 Bh5 10. a3 Qe7 11. g4 Bg6 12. Nd2 e5 13. g5 Ne4 14. Ndxe4 dxe4 15. d5 a5
16. dxc6 bxc6 17. Na4 Nc5 18. Nxc5 Bxc5 19. h4 h6 20. Rg1 hxg5 21. Rxg5 Bd6 22.
Bh5 Rd8 23. Qg4 Bxh5 24. Rxh5 Rxh5 25. Qxh5 Rb8 26. Qg4 Rxb3 27. Qc8+ Qd8 28.
Qxc6+ Qd7 29. Qxd7+ Kxd7 30. O-O-O Ke6 31. Kc2 a4 32. Rd5 f6 33. Ra5 Bxa3 34.
Bc3 Bb4 35. Ra6+ Kf5 36. Bxb4 Rxb4 37. Kc3 Rb3+ 38. Kc2 Rb4 39. Kc3 Rb3+ 40. Kc2
Rb7 41. Rxa4 Kg4 42. Kc3 Kxh4 43. c5 Kg4 44. Ra2 Kf3 45. Kc4 f5 46. Kd5 Rc7 47.
c6 f4 48. Rc2 fxe3 49. fxe3 g5 50. Kd6 Rc8 51. Kd7 Rg8 52. c7 Kxe3 53. c8=Q Rxc8
54. Rxc8 g4 55. Ke6 Kf4 56. Rf8+ Kg3 57. Kf5 e3 58. Rg8 1/2-1/2

[Event "57th World Juniors 2018"]
[Site "Manavgat TUR"]
[Date "2018.09.13"]
[Round "9.28"]
[White "Schekachikhin, Maksim"]
[Black "Makhnev, Denis"]
[Result "1/2-1/2"]
[WhiteTitle "IM"]
[BlackTitle "IM"]
[WhiteElo "2356"]
[BlackElo "2449"]
[WhiteFideId "24177830"]
[BlackFideId "13707647"]
[EventDate "2018.09.05"]

1. c4 Nf6 2. d4 e6 3. Nc3 Bb4 4. Qc2 d5 5. cxd5 exd5 6. Bg5 h6 7. Bh4 O-O 8. e3
c5 9. dxc5 Be6 10. Nf3 Nbd7 11. a3 Bxc5 12. Be2 Rc8 13. O-O Be7 14. Rac1 Ne4 15.
Bxe7 Qxe7 16. Qd3 Ndc5 17. Qd1 Nxc3 18. Rxc3 Ne4 19. Rxc8 Rxc8 20. Nd4 Qc5 21.
Bd3 Nf6 22. Qe2 Bg4 23. f3 Bd7 24. Bb1 Qc4 25. Qd2 Qc5 26. Re1 Rc7 27. Ne2 Qb6
28. Nc3 Bc6 29. Ba2 Re7 30. Re2 Bb5 31. Nxb5 Qxb5 32. Kf2 Qb6 33. Qb4 Qxb4 34.
axb4 Re6 35. e4 Rb6 36. e5 Ne8 37. Bxd5 Rxb4 38. Ke3 Nc7 39. Be4 Ne6 40. Rc2 Kf8
41. f4 Rb3+ 42. Rc3 Rxb2 43. Rc8+ Ke7 44. f5 Nd8 45. Rc7+ Ke8 46. f6 gxf6 47.
exf6 Rb3+ 48. Kd2 Rb6 49. Re7+ Kf8 50. Rd7 Ke8 51. Re7+ Kf8 52. Rd7 Ke8 1/2-1/2

[Event "57th World Juniors 2018"]
[Site "Manavgat TUR"]
[Date "2018.09.13"]
[Round "9.29"]
[White "Sawlin, Leonid"]
[Black "Haria, Ravi"]
[Result "1/2-1/2"]
[WhiteTitle "FM"]
[BlackTitle "IM"]
[WhiteElo "2355"]
[BlackElo "2442"]
[WhiteFideId "4689542"]
[BlackFideId "415820"]
[EventDate "2018.09.05"]

1. e4 e6 2. d4 d5 3. Nc3 Nc6 4. e5 Nge7 5. Nf3 Nf5 6. h4 b6 7. h5 h6 8. Bf4 Bb7
9. Qd2 Qd7 10. Nd1 O-O-O 11. g4 Nfe7 12. Ne3 f6 13. Bb5 a6 14. Bd3 fxe5 15. Bxe5
Kb8 16. Ng2 Nc8 17. Nf4 Bd6 18. Ng6 Rhe8 19. Qe2 N8e7 20. O-O-O Nxg6 21. hxg6
Rf8 22. g5 Bxe5 23. Nxe5 Nxe5 24. Qxe5 hxg5 25. Rh7 Rg8 26. Re1 Bc8 27. Qxg5
Rdf8 28. f4 Qd6 29. Rf1 Kb7 30. c3 Bd7 31. Qe5 a5 32. Kd2 Qe7 33. Rg1 Qf6 34.
Ke3 Kc8 35. c4 Bc6 36. Rg5 Qe7 37. a3 Kd7 38. Kd2 Qf6 39. Qxf6 Rxf6 40. Ke3 Kd6
41. b3 Bb7 42. Re5 c5 43. f5 exf5 44. Bxf5 Bc6 45. Kd3 Rgf8 46. Rh5 dxc4+ 47.
Kxc4 Be8 48. Rd5+ Kc7 49. Rg5 cxd4 50. Kxd4 Bc6 51. Re5 Rd8+ 52. Kc3 Re8 53.
Rxe8 Bxe8 54. Be4 Kd6 55. Kd4 Ke7 1/2-1/2

[Event "57th World Juniors 2018"]
[Site "Manavgat TUR"]
[Date "2018.09.13"]
[Round "9.30"]
[White "Wadsworth, Matthew J"]
[Black "Ozen, Deniz"]
[Result "1-0"]
[WhiteTitle "FM"]
[BlackTitle "FM"]
[WhiteElo "2351"]
[BlackElo "2431"]
[WhiteFideId "415804"]
[BlackFideId "6349196"]
[EventDate "2018.09.05"]

1. Nf3 Nf6 2. g3 d5 3. Bg2 c6 4. c4 Bf5 5. cxd5 cxd5 6. Qb3 Qb6 7. Nc3 Qxb3 8.
axb3 Nc6 9. d3 e6 10. O-O Bc5 11. Bf4 O-O 12. Rfc1 Ng4 13. Nd1 Bb6 14. h3 Nf6
15. g4 Bg6 16. Nc3 a6 17. Na4 Ba7 18. Nc5 Bxc5 19. Rxc5 Nd7 20. Rc3 f6 21. Bd6
Rfe8 22. e3 Nde5 23. Ne1 Rad8 24. Bc5 Nd7 25. Ba3 d4 26. Rxc6 bxc6 27. Bxc6 dxe3
28. fxe3 Ne5 29. Bxe8 Rxe8 30. d4 Nd3 31. Nf3 Rc8 32. Bc5 Nxb2 33. Rxa6 Nd3 34.
b4 e5 35. Nh4 Be4 36. Nf5 Rb8 37. Nd6 Bf3 38. b5 exd4 39. exd4 Be2 40. Ra2 Nf4
41. Kh2 Bxb5 42. Rb2 Nxh3 43. Rxb5 Rxb5 44. Nxb5 Nf4 45. Nc7 Kf7 46. d5 Nd3 47.
Ba3 g6 48. d6 Ne5 49. Kg3 h5 50. gxh5 gxh5 51. Kh4 Kg6 52. Bb2 Nd7 53. Bd4 Kf5
54. Kxh5 Ke4 55. Bb2 f5 56. Kg5 f4 57. Kg4 f3 58. Kg3 Nc5 59. Ba3 Nd7 60. Kf2
Ne5 61. Bb2 Nd3+ 62. Kf1 Nc5 63. Bf6 Nd7 64. Be7 Nc5 65. Ne8 Ke5 66. Nf6 Ke6 67.
Kf2 Nb3 68. Ne4 Nd4 69. Nc5+ Kd5 70. d7 Nc6 71. Nd3 Ke6 72. d8=Q Nxd8 73. Bxd8
Kd5 74. Bg5 Ke4 75. Nc5+ Kd5 76. Be3 Ke5 77. Kxf3 Kd5 78. Kf4 Kd6 79. Ke4 Kc6
80. Kd4 Kd6 81. Bf4+ Kc6 82. Kc4 Kb6 83. Na4+ Kc6 84. Nc3 Kb6 85. Be3+ Kc6 86.
Bc5 Kc7 87. Nd5+ Kd7 88. Nf4 Kc6 89. Ne6 Kb7 90. Kb5 Ka8 91. Kc6 Kb8 92. Nc7 Kc8
93. Ba7 Kd8 94. Nd5 Ke8 95. Kd6 Kf7 96. Ne7 Kg7 97. Be3 Kf6 98. Bf4 Kf7 99. Bg5
Ke8 100. Ke6 Kf8 101. Bf6 Ke8 102. Nf5 Kf8 103. Ng7 Kg8 104. Ke7 Kh7 105. Kf7
Kh6 106. Be7 Kh7 107. Bg5 Kh8 108. Ne6 1-0

[Event "57th World Juniors 2018"]
[Site "Manavgat TUR"]
[Date "2018.09.13"]
[Round "9.31"]
[White "Galperin, Platon"]
[Black "Zarubitski, Viachaslau"]
[Result "0-1"]
[BlackTitle "IM"]
[WhiteElo "2348"]
[BlackElo "2425"]
[WhiteFideId "14165414"]
[BlackFideId "13509373"]
[EventDate "2018.09.05"]

1. c4 c6 2. e4 d5 3. exd5 cxd5 4. d4 Nf6 5. Nc3 Nc6 6. Bg5 Ne4 7. Nxe4 dxe4 8.
Ne2 Bg4 9. Qb3 Bxe2 10. Bxe2 Nxd4 11. Qxb7 Rb8 12. Qxe4 f5 13. Bh5+ g6 14. Qe5
Nc2+ 15. Ke2 Nxa1 16. Bf3 Rg8 17. Rxa1 Bg7 18. Bc6+ Kf8 19. Qe6 Rxb2+ 20. Kf3
Qd3+ 21. Be3 Qe2+ 0-1

[Event "57th World Juniors 2018"]
[Site "Manavgat TUR"]
[Date "2018.09.13"]
[Round "9.32"]
[White "Raja, Harshit"]
[Black "Hollan, Martin"]
[Result "1/2-1/2"]
[WhiteTitle "IM"]
[BlackTitle "FM"]
[WhiteElo "2419"]
[BlackElo "2336"]
[WhiteFideId "5089000"]
[BlackFideId "360937"]
[EventDate "2018.09.05"]

1. e4 e5 2. Nf3 Nc6 3. Bb5 a6 4. Ba4 Nf6 5. O-O Be7 6. Re1 b5 7. Bb3 O-O 8. c3
d6 9. h3 Bb7 10. d4 Nd7 11. Nbd2 exd4 12. cxd4 Bf6 13. Nf1 Na5 14. Bc2 c5 15. e5
dxe5 16. dxe5 Be7 17. Ng3 Re8 18. Nf5 Nf8 19. Qxd8 Bxd8 20. Nd6 Re7 21. Bg5 Rd7
22. Be3 Ne6 23. Nxb7 Nxb7 24. Red1 Rc7 25. Be4 Be7 26. a4 Rd8 27. Rxd8+ Nbxd8
28. axb5 axb5 29. Ra8 g6 30. Bh6 Bf8 31. Bd2 Kg7 32. Rb8 b4 33. Rb6 c4 34. Bxb4
Bxb4 35. Rxb4 c3 36. bxc3 Rxc3 37. Rb8 Rc4 38. Bd5 Rc5 39. Be4 Nc6 40. Bxc6 Rxc6
41. g3 Rc2 42. Kg2 h6 43. Rb4 Ra2 44. Re4 Kf8 45. h4 Ke7 46. Rc4 h5 47. Rc6 Re2
48. Ra6 Rb2 49. Ra7+ Kf8 50. Rd7 Ke8 51. Rd5 Nc7 52. Rd6 Rb5 53. Rd2 Ne6 54. Ra2
Rc5 55. Kf1 Rd5 56. Ra7 Rb5 57. Ra2 Ke7 58. Ke2 g5 59. Ra7+ Kf8 60. Ra8+ Ke7 61.
hxg5 Nxg5 62. Ra7+ Kf8 63. Ra8+ Ke7 64. Nd4 Rxe5+ 65. Kd3 Rc5 66. Ra7+ Kf6 67.
Ra6+ Ne6 68. Ke2 Re5+ 69. Kf3 Kg7 70. Nc2 Rf5+ 71. Kg2 Rg5 72. Kh3 Rf5 73. Kg2
Rg5 74. Ne3 Re5 75. Ra3 Rb5 76. Ra4 Rb2 77. Nf5+ Kf6 78. Ra5 Ng5 79. Nh4 Ne4 80.
Rf5+ Ke6 81. Rf4 Nf6 82. Nf5 Ra2 83. Ne3 Ra5 84. Kh3 Rb5 85. Ra4 Ke7 86. Ra7+
Kf8 87. Ra4 Kg7 88. Rf4 Kg6 89. Rd4 Rb2 90. Kg2 Rb6 91. Kf3 Ra6 92. Rb4 Ra3 93.
Rb6 Kg7 94. Kf4 Rxe3 95. Rxf6 Re2 96. Ra6 Rxf2+ 97. Kg5 Rf3 98. Kxh5 Rxg3 99.
Ra5 Kf6 100. Ra6+ Ke5 101. Ra5+ Ke6 102. Ra6+ Ke7 103. Ra7+ Kf6 104. Ra6+ Kg7
105. Ra5 f6 106. Ra7+ Kf8 107. Rb7 Rg7 108. Rb8+ Kf7 109. Rb7+ Kg8 110. Rxg7+
Kxg7 111. Kg4 Kf7 1/2-1/2

[Event "57th World Juniors 2018"]
[Site "Manavgat TUR"]
[Date "2018.09.13"]
[Round "9.33"]
[White "Garayev, Kanan"]
[Black "Pang, Tao"]
[Result "0-1"]
[WhiteTitle "FM"]
[WhiteElo "2404"]
[BlackElo "2290"]
[WhiteFideId "13406671"]
[BlackFideId "8609950"]
[EventDate "2018.09.05"]

1. d4 d5 2. c4 e6 3. Nc3 Nf6 4. Nf3 Be7 5. Bg5 O-O 6. e3 Nbd7 7. Qc2 c6 8. Rd1
b6 9. Bd3 h6 10. Bf4 Ba6 11. Qe2 Bxc4 12. Bxc4 dxc4 13. Qxc4 Qc8 14. e4 Qb7 15.
O-O b5 16. Qb3 b4 17. e5 Nd5 18. Nxd5 cxd5 19. Qe3 Kh7 20. Qd3+ Kh8 21. h4 Rfc8
22. g4 Nf8 23. Kh1 Qc6 24. Rd2 Qc4 25. Qb1 b3 26. a3 Qa4 27. h5 Rc2 28. Rg1 Nh7
29. Qd1 Rac8 30. Ne1 Rxd2 31. Qxd2 Bg5 32. Be3 Bxe3 33. Qxe3 Ng5 34. f4 Ne4 35.
g5 Qc4 36. gxh6 gxh6 37. Nf3 Qc2 38. Rg2 Qb1+ 39. Kh2 Rc1 40. Kh3 Rh1+ 41. Kg4
f5+ 42. exf6 Nxf6+ 43. Kg3 Nxh5+ 0-1

[Event "57th World Juniors 2018"]
[Site "Manavgat TUR"]
[Date "2018.09.13"]
[Round "9.34"]
[White "Ozen, Bahadir"]
[Black "Macovei, Andrei"]
[Result "1/2-1/2"]
[WhiteTitle "FM"]
[BlackTitle "FM"]
[WhiteElo "2326"]
[BlackElo "2385"]
[WhiteFideId "6337058"]
[BlackFideId "13904680"]
[EventDate "2018.09.05"]

1. d4 Nf6 2. c4 e6 3. Nc3 Bb4 4. e3 O-O 5. Bd3 c5 6. Nf3 b6 7. O-O Bxc3 8. bxc3
Bb7 9. Nd2 Nc6 10. Bb2 d6 11. e4 e5 12. d5 Ne7 13. g3 Bc8 14. Re1 Ng6 15. Nf1
Bh3 16. Bc1 h6 17. Ne3 Qd7 18. a4 Kh8 19. a5 bxa5 20. Rxa5 Ng4 21. Qa4 Qc7 22.
Ra6 Nxe3 23. Bxe3 Bc8 24. Rc6 Qd8 25. Qa3 Ne7 26. Rxd6 Qxd6 27. Bxc5 Qg6 28.
Bxe7 Re8 29. Bd6 Bh3 30. c5 Qg4 31. Qa4 Qf3 32. Bf1 Bxf1 33. Rxf1 Qxc3 34. c6 a5
35. Ba3 h5 36. h4 f5 37. Rc1 Qf3 38. Bc5 f4 39. Qd1 Qxe4 40. Qxh5+ Kg8 41. Rd1
fxg3 42. Qg5 gxf2+ 43. Bxf2 Rad8 44. Qg2 Qc2 45. Ra1 e4 46. Rxa5 Qd1+ 47. Kh2
Rxd5 48. Ra7 g5 49. Be3 Qf3 50. Qa2 Kh8 51. Qxd5 Qe2+ 52. Kh1 Qf3+ 53. Kh2 Qe2+
54. Kh1 Qf3+ 1/2-1/2

[Event "57th World Juniors 2018"]
[Site "Manavgat TUR"]
[Date "2018.09.13"]
[Round "9.35"]
[White "Gorshtein, Ido"]
[Black "Agibileg, Uurtsaikh"]
[Result "1-0"]
[WhiteTitle "FM"]
[WhiteElo "2383"]
[BlackElo "2321"]
[WhiteFideId "2815532"]
[BlackFideId "4901606"]
[EventDate "2018.09.05"]

1. e4 c5 2. Ne2 e5 3. Nbc3 Nf6 4. d3 h6 5. g3 d5 6. exd5 Nxd5 7. Bg2 Be6 8. O-O
Nc6 9. f4 Nxc3 10. bxc3 Bd5 11. Bh3 c4 12. fxe5 Nxe5 13. Nf4 Bc6 14. d4 Be7 15.
Qe2 Nf3+ 16. Rxf3 Bxf3 17. Qxf3 O-O 18. Bd2 b6 19. Re1 Re8 20. Rf1 Bg5 21. Bg2
Rc8 22. h4 Bxf4 23. Bxf4 Qf6 24. Qg4 Qg6 25. Qxg6 fxg6 26. Bd5+ Kh7 27. Be5 Rf8
28. Rxf8 Rxf8 29. Bxc4 Rc8 30. Bd3 Rxc3 31. h5 Kg8 32. hxg6 b5 33. Bxb5 Rxc2 34.
Be8 a5 35. a4 Kh8 36. Kf1 h5 37. d5 Rc5 38. Bc6 Kg8 39. Ke2 Kh8 40. Kd3 h4 41.
Kd4 Rc1 42. gxh4 Kg8 43. h5 Rh1 44. d6 Rh4+ 45. Kd5 Kf8 46. Ke6 Rc4 47. d7 1-0

[Event "57th World Juniors 2018"]
[Site "Manavgat TUR"]
[Date "2018.09.13"]
[Round "9.36"]
[White "Gunduz, Umut Erdem"]
[Black "Zou, Chen"]
[Result "0-1"]
[BlackTitle "FM"]
[WhiteElo "2119"]
[BlackElo "2365"]
[WhiteFideId "6381383"]
[BlackFideId "8610959"]
[EventDate "2018.09.05"]

1. e4 c5 2. Nf3 d6 3. d4 cxd4 4. Nxd4 Nf6 5. f3 e5 6. Nb3 d5 7. Bg5 Be6 8. Bxf6
gxf6 9. exd5 Qxd5 10. Qxd5 Bxd5 11. Nc3 Be6 12. O-O-O Nc6 13. Bb5 Rc8 14. Ne4
Ke7 15. c3 a6 16. Be2 Bh6+ 17. Kb1 Rcd8 18. Nbc5 Bc8 19. g4 Be3 20. Bc4 Rxd1+
21. Rxd1 h5 22. h3 Na5 23. Bd5 f5 24. gxf5 Bxf5 25. Nd3 f6 26. Re1 Rd8 27. c4
Bd4 28. b4 Nc6 29. Kc1 h4 30. f4 Bxh3 31. fxe5 Nxe5 32. Nf4 Bc8 33. Kc2 h3 34.
Nh5 Nf3 35. Rf1 Nh2 36. Re1 Bf5 37. Ng3 Bg6 38. Rh1 Ng4 39. Bxb7 h2 40. Kb3 f5
41. Nc3 Be5 42. Nge2 Rd3 43. Rd1 Rh3 44. Rf1 Ne3 45. Re1 Bf7 46. Ka4 Bxc4 47.
Bh1 Bxe2 48. Nxe2 Nc2 0-1